Normal view
MARC view
- Amna Nasir
Entry Personal Name
001 - CONTROL NUMBER
- control field: 88296
003 - CONTROL NUMBER IDENTIFIER
- control field: NUST
005 - DATE AND TIME OF LATEST TRANSACTION
- control field: 20220112113840.0
008 - FIXED-LENGTH DATA ELEMENTS
- fixed length control field: 220112|| aca||aabn | a|a d
040 ## - CATALOGING SOURCE
- Original cataloging agency: NUST
- Transcribing agency: NUST
100 ## - HEADING--PERSONAL NAME
- Personal name: Amna Nasir
670 ## - SOURCE DATA FOUND
- Source citation: Work cat.: (NUST): Amna Nasir, TH-SOF-1947-Inventory and pricing optimization in a supply chain for items with different types and levels of imperfections, 2021.
